Statistics for Minecraft Quiz

Click here to take the quiz!

General Stats

  • This quiz has been taken 63 times
  • The average score is 12 of 20

Answer Stats

QuestionAnswer% Correct
What is the Rarest Ore?Emeralds
88%
What is/was the most "expensive" craft?Enchanted Golden Apple
86%
True or False: Sleeping in the End works the same as sleeping in the NetherTrue
82%
Dogs scare Skeletons as Cats scares _____?Creepers
80%
What mobs are effected by lightning strikes? (other than being killed/hurt)Creepers and Pigs
76%
True or False: You can detonate a creeper manually if you have a flint and steelTrue
76%
In the newest update, 1.14, what is a new weapon?Crossbow
75%
What does it mean when a dogs tail is low?It's hungry/hurt
75%
True or False: In Minecraft Windows 10 (or Mobile), There is a texture pack that is now vanilla and changes almost all the blocks.True
73%
Where is the only area you can find emeralds?Extreme Hills
69%
How do you get ElytrasDefeating the Ender Dragon
67%
As of May 2019, what is the most "popular" minecraft server?Hypixel
61%
What does the term "Hardcore" mean in minecraft?No Respawn
57%
What is the name for the 1.13 update?The Aquatic Update
45%
True or False: Iron Pressure Plates are Heavy and Gold Pressure Plates are LightFalse
37%
What is the fastest pick?Gold
37%
What is a new village in 1.14?Taiga
25%
What is the "easiest" armor to enchantGold
24%
As Iron goes for Iron Armor, What does Stone go to?Chainmail
18%
How many "neutral" mobs are there?5
16%

Score Distribution

Percentile by Number Answered

Percent of People with Each Score

Your Score History

You have not taken this quiz